Hacking exposed windows 2000: Network sercurity secrects and solutions (0 07 219262 3)

Guardat en:
Dades bibliogràfiques
Autor principal: Joel Scambray
Format: Llibre
Idioma:Undetermined
Publicat: McGraw-Hill 2001
Etiquetes: Afegir etiqueta
Sense etiquetes, Sigues el primer a etiquetar aquest registre!
Thư viện lưu trữ: Trung tâm Học liệu Trường Đại học Cần Thơ
LEADER 00459nam a2200145Ia 4500
001 CTU_49626
008 210402s9999 xx 000 0 und d
082 |a 005.43769 
082 |b S283 
100 |a Joel Scambray 
245 0 |a Hacking exposed windows 2000: Network sercurity secrects and solutions (0 07 219262 3) 
245 0 |c Joel Scambray, STUART MCCLURE 
260 |b McGraw-Hill 
260 |c 2001 
980 |a Trung tâm Học liệu Trường Đại học Cần Thơ